| 000 | 01037nam a2200265 a 4500 | ||
|---|---|---|---|
| 001 | 000030244 | ||
| 003 | DO-SdBNP | ||
| 005 | 20250621074008.0 | ||
| 008 | 110505s2008 dr ad 001 0 spa d | ||
| 040 |
_aDO-SdBNP _bspa _cBNPHU |
||
| 082 |
_a323.34 _bR426i |
||
| 110 | 1 |
_aRepública Dominicana. _bSecretaría de Estado de la Mujer _938238 |
|
| 245 | 1 | 0 |
_aIncorporar el enfoque de equidad de género en las políticas públicas : _buna propuesta metodológica / _cpresentación Alejandrina Germán. |
| 260 |
_aSanto Domingo : _bSEM, _c2008. |
||
| 300 |
_a71 p. : _bil., gráfcs. ; _c28 cm. |
||
| 590 | _aInventariado, 2018/BT | ||
| 650 | 0 |
_aDerechos de la mujer _92527 |
|
| 650 | 0 |
_aMujeres en desarrollo _948095 |
|
| 650 | 4 |
_aPlanificación estratégica _92433 |
|
| 651 | 0 |
_aRepública Dominicana _xPolítica y gobierno _945 |
|
| 700 | 1 |
_aGermán, Alejandrina, _epref. _912096 |
|
| 710 | 2 |
_aFondo de Naciones Unidas para Actividades en Materia de Población _952170 |
|
| 910 | _aValidado. Control de calidad. EMS | ||
| 942 |
_2ddc _cLBS1 |
||
| 999 |
_c29736 _d29736 |
||